Buddhism : (Record no. 813)

MARC details
000 -LEADER
fixed length control field 01176cam a2200313 i 4500
001 - CONTROL NUMBER
control field 18051163
003 - CONTROL NUMBER IDENTIFIER
control field OSt
005 - DATE AND TIME OF LATEST TRANSACTION
control field 20240430155555.0
008 - FIXED-LENGTH DATA ELEMENTS--GENERAL INFORMATION
fixed length control field 140228s2014 mauab 001 0 eng
010 ## - LIBRARY OF CONGRESS CONTROL NUMBER
LC control number 2014007555
020 ## - INTERNATIONAL STANDARD BOOK NUMBER
International Standard Book Number 9781614291275
040 ## - CATALOGING SOURCE
Original cataloging agency DLC
Language of cataloging eng
Transcribing agency DLC
Description conventions rda
Modifying agency DLC
042 ## - AUTHENTICATION CODE
Authentication code pcc
050 00 - LIBRARY OF CONGRESS CALL NUMBER
Classification number BQ7935.B774
Item number B85 2014
082 00 - DEWEY DECIMAL CLASSIFICATION NUMBER
Classification number 294.3/4
Edition number 23
100 0# - MAIN ENTRY--PERSONAL NAME
Personal name Bstan-ʼdzin-rgya-mtsho,
Titles and words associated with a name Dalai Lama XIV,
Dates associated with a name 1935-
Relator term author.
245 10 - TITLE STATEMENT
Title Buddhism :
Remainder of title one teacher, many traditions /
Statement of responsibility, etc. Bhikṣ̣u Tenzin Gyatso, the Fourteenth Dalai Lama and Bhikṣuṇ̣i Thubten Chodron ; foreword by Bhante Gunaratana.
264 #1 - PRODUCTION, PUBLICATION, DISTRIBUTION, MANUFACTURE, AND COPYRIGHT NOTICE
Place of production, publication, distribution, manufacture Boston :
Name of producer, publisher, distributor, manufacturer Wisdom Publications,
Date of production, publication, distribution, manufacture, or copyright notice 2014.
300 ## - PHYSICAL DESCRIPTION
Extent xxiv, 318 pages :
Other physical details illustrations, maps ;
Dimensions 24 cm
336 ## - CONTENT TYPE
Content type term text
Content type code txt
Source rdacontent
337 ## - MEDIA TYPE
Media type term unmediated
Media type code n
Source rdamedia
338 ## - CARRIER TYPE
Carrier type term volume
Carrier type code nc
Source rdacarrier
500 ## - GENERAL NOTE
General note Includes index.
650 #0 - SUBJECT ADDED ENTRY--TOPICAL TERM
Topical term or geographic name entry element Buddhism
General subdivision Doctrines.
700 0# - ADDED ENTRY--PERSONAL NAME
Personal name Thubten Chodron,
Dates associated with a name 1950-
906 ## - LOCAL DATA ELEMENT F, LDF (RLIN)
a 7
b cbc
c orignew
d 1
e ecip
f 20
g y-gencatlg
942 ## - ADDED ENTRY ELEMENTS (KOHA)
Koha item type Book
Suppress in OPAC No
Holdings
Withdrawn status Lost status Damaged status Not for loan Collection Home library Current library Shelving location Date acquired Total checkouts Full call number Barcode Date last seen Price effective from Koha item type
        General Buddhism Lindholme Hall Library Lindholme Hall Library General stacks 30/04/2024   603 DAL 2401229 30/04/2024 30/04/2024 Book